Κατάλογος Βιβλιοθηκών Mediterranean College

Engineering / Civil and Mechanical Engineering (Record no. 4233)

MARC details
000 -LEADER
fixed length control field 00962cam a22001814a 4500
005 - ΗΜΕΡΟΜΗΝΙΑ ΚΑΙ ΩΡΑ ΤΕΛΕΥΤΑΙΑΣ ΕΝΗΜΕΡΩΣΗΣ
Πεδίο ελέγχου 20250605163426.0
008 - FIXED-LENGTH DATA ELEMENTS--GENERAL INFORMATION
Πεδίο ελέγχου σταθερού μήκους 250528s ||||||||||||||||||||||||d
035 ## - SYSTEM CONTROL NUMBER
System control number 18935
020 ## - ISBN
ISBN 29736609
040 ## - ΠΗΓΗ ΚΑΤΑΛΟΓΟΓΡΑΦΗΣΗΣ
Φορέας πρωτότυπης καταλογογράφησης MC Athens Campus Library
Γλώσσα καταλογογράφησης Ελληνικά, Μοντέρνα (1453-)
Modifying agency MC Athens Campus Library
Κανόνες περιγραφικής καταλογογράφησης AACR2
245 1# - ΤΙΤΛΟΣ ΚΑΙ ΔΗΛΩΣΗ ΥΠΕΥΘΥΝΟΤΗΤΑΣ
Τίτλος Engineering / Civil and Mechanical Engineering
260 ## - PUBLICATION, DISTRIBUTION, ETC.
Name of publisher, distributor, etc. English Language Service Inc
-- Macmillan Publishing Company,
Date of publication, distribution, etc. 1984
300 ## - PHYSICAL DESCRIPTION
Extent 122
520 ## - SUMMARY, ETC.
Summary, etc. The career English series is intended for students who have some proficiency in English as well as a working knowledge of their own professional fields. Civil Engineering, Soil Mechanics, Foundations, Surveying, Highways, Concrete, Steel Beams, Trusses, Dams, Mechanical Engineering, Thermodynamics, Refrigeration, Home Heating and Air Conditioning, Pumps, Internal-Combustion Engines, Automobiles, Aerodynamics, Metal Fracture and Fatigue, Key to Check-Ups, Appendix, Glossary.
942 ## - ADDED ENTRY ELEMENTS (KOHA)
Koha item type Books
Holdings
Τύπος τεκμηρίου Βιβλιοθήκη Τρέχουσα τοποθεσία Barcode Αριθμός εισαγωγής Ημερομηνία απόκτησης Ταξιθετικό σύμβολο Αριθμός αντιτύπου Κατάσταση απόσυρσης Κατάσταση χαμένου Κατάσταση κατεστραμμένου Μη δανεισμός Σύνολο δανεισμών Ημερομηνία τελευταίας εμφάνισης Η τιμή ισχύει από
Books MC Athens Campus Library MC Athens Campus Library 9780000042323 3868 05/06/2025 428.2/4/0246 ELS 1           05/06/2025 05/06/2025

MC Athens Campus Library
Πατησίων 94 & Κοδριγκτώνος 13, 104 34
Πελλήνης 8 & Πατησίων 107, 112 51
Τ: +30 210 8899600

MC Thessaloniki Campus Library
Ίωνος Δραγούμη 21, 54625 | Ίωνος Δραγούμη 15, 54625
Τ: +30 2310 287779 – Τ: +30 2314 440300